Statystyki dla Kraje Ameryki północnej i południowej

Kliknij tutaj aby rozwiązać quiz!

Ogólne statystyki

  • Ten quiz został rozwiązany 216 razy
  • Średni wynik to 23 z 35

Statystyki odpowiedzi

Odpowiedź% Poprawnych
Stany Zjednoczone
97%
Kanada
94%
Argentyna
92%
Brazylia
92%
Meksyk
90%
Chile
87%
Kolumbia
83%
Urugwaj
83%
Peru
79%
Kuba
78%
Paragwaj
78%
Boliwia
76%
Wenezuela
73%
Dominika
72%
Ekwador
72%
Panama
71%
Haiti
70%
Kostaryka
68%
Gujana
67%
Jamajka
66%
Dominikana
62%
Surinam
60%
Honduras
59%
Gwatemala
55%
Salwador
55%
Nikaragua
54%
Belize
51%
Bahamy
44%
Saint Kitts i Nevis
40%
Barbados
39%
Saint Lucia
39%
Trynidad i Tobago
38%
Antigua i Barbuda
34%
Saint Vincent i Grenadyny
33%
Grenada
29%

Rozkład punktacji

Percentyl według liczby udzielonych odpowiedzi

Procent ludzi z każdym wynikiem

Twoja historia wyników

Nie rozwiązałeś tego quizu